Gaming Quiz

Random Gaming Quiz

Twilight Princess Character Quiz Stats

 Plays Quiz not verified by Sporcle

Score 0/35 Timer 16:00
0 Plays Today
Hint Answer % Correct
PrincessZelda
98.9%
HeroLink
97.7%
Evil King's 'Puppet'Zant
92%
Twilight PrincessMidna
92%
Evil KingGanondorf
90.9%
Resistance Member from OrdonRusl
84.1%
Runs the Shop in Kakariko (Later on, in Hyrule Castle Town)Malo
80.7%
Spirit of the WoodsFaron
77.3%
Runs Into the Forest After a MonkeyTalo
76.1%
Gives You A Fishing RodColin
75%
Spirit of the VillageOrdona
75%
Mayor Bo's DaughterIlia
73.9%
Pincess of InsectsAgitha
73.8%
Leader of the Resistance CrewTelma
71.6%
Spirit of the VolcanoEldin
70.5%
Zora Prince/KingPrince Ralis
68.2%
Husband and Wife of Snow Peak MansionYeta and Yeto
67.5%
Resistance Member-Helps With the Sky PeopleShad
67%
Hint Answer % Correct
Spirit of Hyrule FieldLanayru
67%
Owner of The Bomb Shop In KakarikoBarnes
66.7%
Zora Queen of LateQueen Rutela
65.9%
Warps You In and Out of TemplesOoccoo
65.4%
Resistance Member Who Helps at Snow Peak RuinsAshei
64.8%
Shaman of Kakariko VillageRenado
64.8%
Telma's CatLouise
58%
Wife of Rusl, mother of ColinUli
55.7%
Goron Tribe LeaderDarbus
53.1%
Resistance Member-Helps You With the DesertAuru
52.3%
Enemy in Eldin Bridge FightKing Bulblin
51.9%
Turned to Gold Because of a CurseJovani
50%
Runs the Ordon RanchFado
47.7%
Majora's Mask Link IncarnateHero's Shade
46.6%
Gives You the Sky BookImpaz
44.4%
Owners of the Isle of Riches Mini GameFalbi and Fyer
37%
Mini Boss in Goron MinesDangoro
27.2%

You're not logged in!

Compare scores with friends on all Sporcle quizzes.
OR
Log In

Sporcle TV

Today on Sporcle TV


Watch our educational content, quiz creation guides, and fun videos on Sporcle TV.

Show Comments

Extras

Top Quizzes Today


Score Distribution

Your Account Isn't Verified!

In order to create a playlist on Sporcle, you need to verify the email address you used during registration. Go to your Sporcle Settings to finish the process.

Report this User

Report this user for behavior that violates our Community Guidelines.

Details: